50 Popular Medium Demons in Geometry Dash - Statistics

General Stats
  • This quiz has been taken 6 times
  • The average score is 17 of 50
Answer Stats
Publisher Level Likes % Correct
Motleyorc B 646K
83%
Serponge Gold Temple 302K
67%
Im Fernando Nantendo 779K
67%
Noobas Theory of SkriLlex 759K
67%
Serponge VeritY 586K
67%
JonathanGD Biru 145K
50%
Zyzyx Bloodbath Z 346K
50%
IIINePtunEIII Clubstep v2 262K
50%
IIINePtunEIII Electrodynamix v2 426K
50%
Michigun Fire Temple 193K
50%
Serponge HeLL 493K
50%
Serponge InsanitY 191K
50%
Michigun Lava Temple 282K
50%
FunnyGame -SIRIUS- 765K
50%
Xender Game Ultra Violence 503K
50%
Sumsar Chaoz Airflow 292K
33%
Serponge Coaster Mountain 263K (Platformer)
33%
MathisCreator Explorers 141K
33%
CrisPy Dash Fear Me 142K
33%
Glittershroom Figures 148K
33%
Zejoant Flipswap Factory 198K (Platformer)
33%
IIINePtunEIII Hexagon Force v2 313K
33%
Disp Jet Lag 163K (Platformer)
33%
Serponge MasterGame 299K
33%
Tongii Mechanical Showdown 567K
33%
FunnyGame Mountain King 264K
33%
TrueNature Natural Step 159K
33%
Rustam Nine Circles XII 144K
33%
TerroN Reanimation 442K
33%
SweetDude Syobon Action 262K
33%
JacobROso The Behemoth 192K
33%
IIINePtunEIII Way of the Darkness 247K
33%
Serponge CastleMania 129K
17%
BEkID1442 DarnoCant Let Go 151K
17%
Iid4sh3ril Deadlocked v2 179K
17%
Serponge Dem Travel 153K
17%
MaFFaKa DOLBIT NORMALNO 211K
17%
soRakami Dragon Force 230K
17%
Rabbitical Final Stage 127K
17%
MineSap ForceDynamix 286K
17%
GD Jose Gear III 225K
17%
FunnyGame Lonely Travel 621K
17%
Serponge Noel Electra 128K
17%
N1XO Paracosm Circles 287K
17%
Rabbitical Ripplez Adventures 145K
17%
DzRAS Secret Box 137K
17%
Nico99 Shrill Hallway 168K
17%
MasK463 StarQuake 279K
17%
Superopi Toxic Sewers 143K
17%
Rabb2t Windings 169K
17%
No matching quizzes found
Score Distribution
Percent of People with Each Score
Percentile by Number Answered
Your Score History
You have not taken this quiz